| 000 | 01095nam a2200313 i 4500 | ||
|---|---|---|---|
| 001 | 32353 | ||
| 003 | ES-MaACL | ||
| 005 | 20240201133417.0 | ||
| 007 | t| | ||
| 008 | 141007s2000 xxu ||||1| eng d | ||
| 020 | _a0-8265.1341-7 | ||
| 080 | _a1 Wittgenstein, Ludwig | ||
| 080 | _a1 Santayana, George | ||
| 100 | 1 |
_aHodges, Michael. _9155670 |
|
| 245 | 1 | 0 |
_aThinking in the ruins _b: Wittgenstein and Santayana on contingency / _cMichael Hodges and John Lachs. |
| 250 | _a1st. ed. | ||
| 260 |
_aNashville : _bVanderbilt University Press, _c2000. |
||
| 300 |
_a128 p. ; _c23 cm. |
||
| 490 | 1 | _aThe Vanderbilt library of American Philosophy | |
| 504 | _aBibliografía. Indices. | ||
| 600 | 0 | 4 |
_aWittgenstein, Ludwig. _9117183 |
| 600 | 0 | 4 |
_aSantayana, George. _9103357 |
| 700 | 1 |
_aLachs, John. _9155671 |
|
| 830 | 0 |
_aThe Vanderbilt library of American Philosophy _9229412 |
|
| 852 |
_aES-MaACL _jA-13264 _9 33554 _bR.150072 _cDEPO1 _dOlim: N-6264 _hDónate: Carlos Paris |
||
| 903 |
_aParís, Carlos, _d1925-2014 _q1 _ednr _989133 |
||
| 942 | _2udc | ||
| 999 |
_c32353 _d32353 |
||